000 00636nam a2200181Ia 4500
008 090630s9999 xx 000 0 und d
082 _b26291
100 _aटोळ दत्ता श्री.
245 _aयेरे येरे पैशा...
_cटोळ दत्ता श्री.
260 _bज्ञानाई.
_c1993
300 _a52
600 _aटोळ दत्ता श्री.
630 _aयेरे येरे पैशा...
655 _aलघुकथा.
700 _aटोळ दत्ता श्री.
730 _aयेरे येरे पैशा...
942 _cBOOK
999 _c278147
_d278147